00273nam a2200121Ia 4500003000400000005001700004008004100021020000800062040001700070100001100087245003100098260002200129OSt20240320120435.0170523s9999 xx 000 0 und d anil ciimtu meerut aRAJORA 0aBRIDGING- THE DIGITAL DVDS bTATA MC GRAW HILL